|
|
|
|
| LEADER |
00000nab a2200000 a 4500 |
| 001 |
vtls000087217 |
| 003 |
SK-MaSNL |
| 005 |
20260304070352.0 |
| 008 |
250423c19801981xo 0 slo |
| 015 |
|
|
|a SNBRB19rr/mm-uuuuu
|
| 035 |
|
|
|a CL0097320
|
| 035 |
|
|
|a urn:nbn:sk:snk-abcz7a
|
| 035 |
|
|
|a (urnnbn)urn:nbn:sk:snk:ar-007c2b
|
| 035 |
|
|
|a (uuid)7554bfb7-7de9-40db-b710-c5225eaf79f1
|
| 040 |
|
|
|a SNKBUCL
|b slo
|c SNKBUCL
|e AACR2
|
| 041 |
0 |
|
|a cze
|
| 044 |
|
|
|a xo
|c SK
|
| 080 |
|
|
|a 37.018.54
|2 1981
|
| 080 |
|
|
|a 392
|2 1981
|
| 100 |
1 |
|
|a Zimáková, Alena
|4 aut
|9 1356313
|
| 245 |
1 |
0 |
|a Výchova k rodičovství v ŠD
|c Alena Zimáková
|
| 650 |
0 |
7 |
|a školské kluby detí
|2 snkbucl
|9 71294
|
| 650 |
0 |
7 |
|a emocionálna výchova
|2 snkbucl
|9 71709
|
| 650 |
0 |
7 |
|a výchova k rodičovstvu
|2 snkbucl
|9 1693
|
| 655 |
|
7 |
|a články z novín a časopisov
|2 snkbucl
|9 267496
|
| 773 |
0 |
|
|t Vychovávateľ
|g Roč. 25, č. 7 (1980/1981), s. 22-23
|
| 850 |
|
|
|a Slovenská národná knižnica
|
| 852 |
|
|
|a Slovenská národná knižnica
|
| 958 |
|
|
|a article17
|
| 958 |
|
|
|a RK
|
| 958 |
|
|
|a CZ
|
| 958 |
|
|
|a OND
|
| 958 |
|
|
|a EUIPO
|
| 992 |
|
|
|a RBX
|
| 999 |
|
|
|c 2755467
|d 2757397
|